000 01210nam a2200289 a 4500
001 vtls003152382
003 MY-SjTCS
005 20200226121348.0
008 110218s2005 enka | |||| 001|0 eng|
020 _a9780521542845 (pbk.)
020 _a0521542847 (pbk.)
039 9 _a201102181637
_bVLOAD
_c201102181409
_dVLOAD
_c200909231000
_dsossamma
_c200909230952
_dsossamma
_y200908201254
_zjamalia
082 0 4 _a428.64
_bPAK
100 1 _aPakenham, Kenneth J.
_9103777
245 1 0 _aMaking connections :
_ba strategic approach to academic reading /
_cKenneth J. Pakenham.
250 _a2nd ed.
260 _aCambridge :
_bCambridge University Press,
_c2005.
300 _axiii, 274 p. :
_bill. ;
_c26 cm.
490 1 _aMaking connections
500 _a6th printing 2007
505 2 _aUnit 1: World Health in the Twenty-first century. -- Unit 2: Living in a multicultural society. -- Unit 3: Aspects of language. -- Unit 4: Looking after planet earth.
650 0 _aEnglish language
_vTextbooks for foreign speakers.
_910818
650 0 _aReading (Higher education)
_vProblems, exercises, etc.
_916258
650 0 _aCollege readers.
_91527
830 0 _aMaking connections
_9103778
920 _aGEN : 109976
999 _c181512